00302pab a2200121 454500008004000000100002400040245003500064260000900099300001300108362001100121650001400132773003400146180718b2017 xxu||||| |||| 00| 0 eng d aAlok Prasanna Kumar aLegitimacy of jJudicial review c2017 ap.10-11. a18 Feb aJudiciary aEconomic and Political Weekly